Los jóvenes, la fe y el discernimiento vocacional: reunión pre-sinodal. Folleto
Сохранить в:
| Формат: | |
|---|---|
| Язык: | испанский |
| Опубликовано: |
Ciudad del Vaticano
Libreria Editrice Vaticana
2018
|
| Редактирование: | 1a. ed |
| Серии: | Collana Documenti Vaticani Sínodo de los Obispos XV Asamblea General Ordinaria
|
| Предметы: | |
| Метки: |
Добавить метку
Нет меток, Требуется 1-ая метка записи!
|
MARC
| LEADER | 00000cam a2200000 a 4500 | ||
|---|---|---|---|
| 001 | UCC7674 | ||
| 003 | CL-VaPUC | ||
| 005 | 20250228150317.0 | ||
| 008 | 190427e20180000vc 1 spa d | ||
| 020 | |a 9788826600901 | ||
| 082 | 0 | 4 | |a 248.89422 |b JOV |2 21 |
| 245 | 1 | 4 | |a Los jóvenes, la fe y el discernimiento vocacional: reunión pre-sinodal. Folleto |
| 250 | |a 1a. ed | ||
| 260 | |a Ciudad del Vaticano |b Libreria Editrice Vaticana |c 2018 | ||
| 300 | |a 41 p | ||
| 490 | 0 | |a Collana Documenti Vaticani Sínodo de los Obispos XV Asamblea General Ordinaria | |
| 583 | |a last modification |c 20190909 09:31:39 |k Rodrigo Vera | ||
| 650 | 0 | 0 | |a Vocación religiosa |9 392452 |
| 650 | 0 | 7 | |a DISCERNIMIENTO |2 CL-VaPUC |9 328302 |
| 650 | 0 | 7 | |a PASTORAL JUV |9 606541ENIL |2 CL-VaPUC |
| 650 | 0 | 0 | |a Sínodos |9 387791 |
| 942 | |c BK | ||
| 945 | |a dcastane |d 20190427 02:22:00 | ||
| 546 | |a En Español | ||
| 536 | |a Sínodo de los Obispos | ||
| 518 | |p Los jóvenes, la fe y el discernimiento vocacional: reunión pre-sinodal, 1, Roma, 19-24 de marzo de 2018 | ||
| 999 | |c 384957 |d 384955 | ||
| 952 | |0 0 |1 0 |3 erb |4 0 |6 248_894220000000000_JOV_2018 |7 0 |8 A |9 507970 |a BIBTEO |b BIBTEO |i 554470K |o 248.89422 JOV 2018 |p 554470K |r 2025-01-17 |w 2020-01-23 |y BK |z Catalogado en:20190427 |k ICR | ||